Social entrepreneurship- Cases and concepts (Record no. 396916)

MARC details
000 -LEADER
fixed length control field 00511 a2200193 4500
005 - DATE & TIME
control field 20260327122539.0
008 - FIXED-LENGTH DATA ELEMENTS--GENERAL INFORMATION
fixed length control field 260324b |||||||| |||| 00| 0 eng d
020 ## - ISBN
International Standard Book Number 9789144101804
Price $ 36.27
040 ## - CATALOGING SOURCE
Original cataloging agency VIVEKANANDA LIBRARY
082 ## - DDC NUMBER
Classification number 658.408
Book Number B239S
100 ## - MAIN ENTRY--PERSONAL NAME
Personal name Barinaga, Ester
245 ## - TITLE STATEMENT
Title Social entrepreneurship- Cases and concepts
260 ## - PUBLICATION, DISTRIBUTION, ETC. (IMPRINT)
Name of publisher, distributor, etc Studentlitteratur
Date of publication, distribution, etc 2014
Place of publication, distribution, etc Spain
300 ## - PHYSICAL DESCRIPTION
Pages 201
650 ## - Subject
Subject Management
650 ## - Subject
Subject Executive Management
650 ## - Subject
Subject Social Responsibility
942 ## - ADDED ENTRY ELEMENTS (KOHA)
Koha item type Books
Holdings
Withdrawn status Lost status Source of classification or shelving scheme Damaged status Not for loan Location (home branch) Sublocation or collection (holding branch) Shelving location Date acquired Koha issues (times borrowed) Koha full call number Accession No. Koha date last seen Koha item type
    Dewey Decimal Classification     VIVEKANANDA LIBRARY VIVEKANANDA LIBRARY IMSAR Library 19/02/2026   658.408 B239S 420870 19/02/2026 Books
© Designed and Maintained by Vivekananda Library, MDU Rohtak